Vzory právnych podaní a zmlúv z občianskeho práva s komentárom

Gespeichert in:
Bibliographische Detailangaben
1. Verfasser: Svoboda, Jaromír
Format: Buch
Sprache:Slowakisch
Veröffentlicht: Žilina Komora komerčných právnikov SR 1995
Schriftenreihe:Knižnica právnických príručiek
Schlagworte:
Tags: Tag hinzufügen
Keine Tags, Fügen Sie das erste Tag hinzu!

MARC

LEADER 00000nam$a2200000$$$4500
001 0081016
005 20240111124749.9
020 |a 80-967464-0-5 
041 0 |a slo 
044 |a SK 
245 1 0 |a Vzory právnych podaní a zmlúv z občianskeho práva s komentárom  |c Jaromír Svoboda a kolektív 
264 1 |a Žilina  |b Komora komerčných právnikov SR  |c 1995 
300 |a 391 s. 
490 1 |a Knižnica právnických príručiek 
830 0 |a Knižnica právnických príručiek 
610 2 0 |a právo občianske 
610 2 0 |a zákonník občiansky 
610 2 0 |a práva majetkové 
610 2 0 |a právo záväzkové 
610 2 0 |a právo autorské 
100 1 |a Svoboda, Jaromír